Central Library OPAC University of Rajshahi

Impact of paper mill effluents on surface and ground water in the Northern part of Bangladesh / (Record no. 81849)

MARC details
000 -LEADER
fixed length control field 00989nam a22002417a 4500
001 - CONTROL NUMBER
RUCL Control Number 81849
003 - CONTROL NUMBER IDENTIFIER
rucl marc code BD-RjUL
005 - DATE AND TIME OF LATEST TRANSACTION
control field 20231126104549.0
008 - FIXED-LENGTH DATA ELEMENTS--GENERAL INFORMATION
fixed length control field 230904s2021 bg a|||| m||| 00| 0 eng d
035 ## - SYSTEM CONTROL NUMBER
system control number (BD-RjUL)81849
040 ## - CATALOGING SOURCE
Original cataloging agency BD-RjUL
Language of cataloging eng
Transcribing agency BD-RjUL
Modifying agency BD-RjUL
041 ## - LANGUAGE CODE
Language code of Book eng
082 ## - DEWEY DECIMAL CLASSIFICATION NUMBER
DDC Edition number 23
Classification number 333.9104
Author mark and Year SHI 2021
100 ## - MAIN ENTRY--PERSONAL NAME
Personal name Shakil, Md. Shakilur Zaman
9 (RLIN) 8780
245 10 - TITLE STATEMENT
Title Impact of paper mill effluents on surface and ground water in the Northern part of Bangladesh /
Statement of responsibility, etc Submitted By Md. Shakilur Zaman Shakil ;
Name of Supervisor/Co-Supervisor Supervisor : Md. Golam Mostafa
260 ## - PUBLICATION, DISTRIBUTION, ETC. (IMPRINT)
Place of publication, distribution, etc Rajshahi :
Name of publisher, distributor, etc Institute of Environmental Science (IES), University of Rajshahi,
Date of publication, distribution, etc 2021.
300 ## - PHYSICAL DESCRIPTION
Pagination x, 121 leaves :
Other physical details ill, ;
Dimensions 29.cm.
502 ## - DISSERTATION NOTE
Dissertation note Thesis (M. Phil) -- Institute of Environmental Science (IES), University of Rajshahi, 2021
504 ## - BIBLIOGRAPHY, ETC. NOTE
Bibliography, etc References : Leaves 85 -96
650 ## - SUBJECT ADDED ENTRY--TOPICAL TERM
Topical term or geographic name as entry element Ground water
Form subdivision Economic of land and energy
9 (RLIN) 8781
700 ## - ADDED ENTRY--SUPERVISOR/CO-SUPERVISOR NAME
Personal name Mostafa, Md. Golam, Supervisor
9 (RLIN) 8782
942 ## - ADDED ENTRY ELEMENTS (KOHA)
Source of classification or shelving scheme Dewey Decimal Classification
Koha item type Theses
Holdings
Source of classification or shelving scheme Damaged status Not for loan Collection code Permanent Location Current Location Shelving location Date of accession Source of acquisition Full call number Barcode Date last seen Copy number Thesis
Dewey Decimal Classification   Not For Loan Theses Central Library, University of Rajshahi Central Library, University of Rajshahi Documentation Section 28/03/2023 Controller of Exam. R.U. THE 333.9104 SHI 2021 D4791 04/09/2023 C-1 Theses